|
|
|
|
| LEADER |
00000nab a2200000 ar4500 |
| 001 |
vtls008985640 |
| 003 |
SK-MaSNL |
| 005 |
20260303065431.0 |
| 008 |
070502c2007 xo wr|p|||||||000 b|slo |
| 015 |
|
|
|a SNBRB2007/05
|2 snkbucl
|
| 040 |
|
|
|a SNKBUCL
|b slo
|c SNKBUCL
|e AACR2
|
| 041 |
0 |
|
|a slo
|
| 044 |
|
|
|a xo
|c SK
|
| 080 |
|
|
|a 101.9
|2 2001
|
| 080 |
|
|
|a 82:929:821.162.3
|2 2001
|
| 080 |
|
|
|a 929 Bondy, Egon
|2 2001
|
| 080 |
|
|
|a 821.162.3:929
|2 2001
|
| 100 |
1 |
|
|a Kuruc, Branislav
|4 ivr
|4 aut
|9 856715
|
| 245 |
1 |
0 |
|a Nebuďme ako Pompejčania, ktorí verili, že sa im nič nestane
|b Egon Bondy (1930-2007), básnik, filozof, disident
|c zhováral sa Branislav Kuruc
|
| 300 |
|
|
|b Fotogr.
|
| 600 |
1 |
7 |
|a Bondy, Egon,
|d 1930-2007
|2 snkbucl
|9 13473
|
| 700 |
1 |
|
|a Bondy, Egon,
|d 1930-2007
|4 ive
|4 aut
|9 13473
|
| 773 |
0 |
|
|t Slovo : spoločensko-politický týždenník
|g Roč. IX, č. 16 (2007), s. 6-7
|x 1335-468X
|
| 852 |
|
|
|a SNK
|b KIS3GCP
|
| 958 |
|
|
|a SK
|
| 958 |
|
|
|a CZ
|
| 958 |
|
|
|a LX
|
| 958 |
|
|
|a BX
|
| 999 |
|
|
|c 1751171
|d 1753101
|